Die 25 größten Länder gemessen am Bruttoinlandsprodukt Top 25 der Welt - Statistiken

Allgemein
  • Dieses Quiz wurde 127 mal gespielt
  • Das Durchschnittsergebnis liegt bei 21 aus 25
Antwortstatistiken
BIP in miljarden $ Antwort % Korrekt
25.360 China
99%
4.199 Deutschland
99%
19.490 Vereinigte Staaten
98%
5.443 Japan
97%
3.248 Brasilien
95%
2.856 Frankreich
95%
9.474 Indien
95%
1.778 Spanien
95%
2.317 Italien
94%
1.774 Kanada
94%
1.248 Australien
92%
4.016 Russland
92%
2.925 Vereinigtes Königreich
92%
2.463 Mexiko
88%
1.126 Polen
87%
3.250 Indonesien
85%
2.035 Südkorea
84%
2.186 Türkei
83%
1.775 Saudi-Arabien
80%
1.640 Iran
79%
1.204 Ägypten
77%
1.236 Thailand
74%
1.061 Pakistan
60%
1.121 Nigeria
58%
1.189 Taiwan
55%
Keine übereinstimmenden Quizze gefunden
Verteilung der Resultate
Anzahl Personen mit jedem Resultat
Perzentil nach korrekt beantworteten Fragen
Ihre Resultats-Entwicklung
Sie haben dieses Quiz noch nicht gespielt